Kế toán : Ngôn ngữ kinh doanh
Nội dung quyển sách giúp cho sinh viên ngành kế toán nói chung và sinh viên các ngành kinh tế và quản trị hiểu được ngôn ngữ của kế toán trong các doanh nghiệp, gồm 2 phần: Phần I: Hệ thống thông tin kế toán; Phần II: Phân tích thông tin kế t...
Shranjeno v:
| Glavni avtor: | |
|---|---|
| Format: | Knjiga |
| Jezik: | Undetermined |
| Izdano: |
Tp. Hồ Chí Minh
Thống Kê
2007
|
| Teme: | |
| Oznake: |
Označite
Brez oznak, prvi označite!
|
| Thư viện lưu trữ: | Trung tâm Học liệu Trường Đại học Cần Thơ |
|---|
| LEADER | 01007nam a2200217Ia 4500 | ||
|---|---|---|---|
| 001 | CTU_174415 | ||
| 008 | 210402s9999 xx 000 0 und d | ||
| 020 | |c 109000 | ||
| 082 | |a 657 | ||
| 082 | |b Th500 | ||
| 100 | |a Nguyễn, Thị Thu | ||
| 245 | 0 | |a Kế toán : | |
| 245 | 0 | |b Ngôn ngữ kinh doanh | |
| 245 | 0 | |c Nguyễn Thị Thu ( chủ biên) ; Vũ Hữu Đức hiệu đính | |
| 260 | |a Tp. Hồ Chí Minh | ||
| 260 | |b Thống Kê | ||
| 260 | |c 2007 | ||
| 520 | |a Nội dung quyển sách giúp cho sinh viên ngành kế toán nói chung và sinh viên các ngành kinh tế và quản trị hiểu được ngôn ngữ của kế toán trong các doanh nghiệp, gồm 2 phần: Phần I: Hệ thống thông tin kế toán; Phần II: Phân tích thông tin kế toán tài chính | ||
| 650 | |a Accounting,Kế toán | ||
| 904 | |i Tuyến | ||
| 980 | |a Trung tâm Học liệu Trường Đại học Cần Thơ | ||